000 00825nam a2200265 i 4500
001 000002486
003 DO-SdBNP
005 20250617130349.0
007 ta
008 090702s1994 dr 000 0 spa d
040 _aDO-SdBNP
_bspa
_cBNPHU
_erda
041 _aspa
082 4 _a158.1
_bS715p
_222
100 1 _aSosa, José Rafael,
_964
_eautor
_4aut.
245 1 0 _a¿Por qué mienten los hombres? /
_cJosé Rafael Sosa ; prólogo, Luis Carvajal.
264 _aSanto Domingo :
_bEditora Búho,
_c1994.
300 _a45 páginas ;
_c21 cm.
336 _atexto
_btxt
_2rdacontent
337 _asin mediación
_bn
_2rdamedia
338 _avolumen
_bnc
_2rdacarrier
590 _aInventariado, 2024/BT
650 4 _aAutorrealización (Psicología)
_9211
700 1 _aCarvajal, Luis,
_eprologuista
_97831
_4pr.
942 _2ddc
_cLF2
999 _c2322
_d2322